Movies Quiz

Random Movies or Cast Quiz

John Carpenter Movies Quiz Stats

 Plays Quiz Updated Feb 28, 2020

Support Sporcle.
Go Orange.
Score 0/20 Timer 05:00
0 Plays Today
Year Movie Title % Correct
1978Halloween
87.6%
1981Escape From New York
73.2%
1982The Thing
70.9%
1996Escape From L.A.
66.1%
1986Big Trouble in Little China
61.5%
1988They Live
54.1%
1984Starman
48.5%
1980The Fog
48.2%
1998Vampires
43.7%
2001Ghosts of Mars
37.9%
Year Movie Title % Correct
1976Assault on Precinct 13
32.9%
1983Christine
32.1%
1992Memoirs of an Invisible Man
31.5%
1994In the Mouth of Madness
30%
1987Prince of Darkness
29.7%
1995Village of the Damned
29%
1974Dark Star
28.1%
1979Elvis
23.3%
2010The Ward
20.1%
1978Someone's Watching Me!
10.2%

From the Vault

A Game of Thrones POV Characters

by couchsurfer

"When you play a game of thrones you win or you die."
Remove Ads.
Support Sporcle.
Get the best of Sporcle when you Go Orange. This ad-free experience offers more features, more stats, and more fun while also helping to support Sporcle. Thank you for becoming a member.

Show Comments

Extras

Top Quizzes Today


Score Distribution

Your Account Isn't Verified!

In order to create a playlist on Sporcle, you need to verify the email address you used during registration. Go to your Sporcle Settings to finish the process.

Report this User

Report this user for behavior that violates our Community Guidelines.

Details: